Riesgos de la alternativa /

Sparad:
Bibliografiska uppgifter
Huvudupphovsman: Regalado Alvarez, Roberto
Materialtyp: Text
Ämnen:
Taggar: Lägg till en tagg
Inga taggar, Lägg till första taggen!

MARC

LEADER 00000 a a2200000 04500
001 18789
003
040
100 |a Regalado Alvarez, Roberto  
245 |a Riesgos de la alternativa /  |c Roberto Regalado Alvarez 
650 |a PARTIDOS POLITICOS  
650 |a SOCIALISMO  
650 |a CAPITALISMO  
650 |a NEOLIBERALISMO  
650 |a GLOBALIZACION  
773 |g volumen 33, número 143; páginas 16-20  
999 |c 27194  |d 27194